Les 10 villes de Suisse les plus peuplées commençant par I - Statistiques

Statistiques générales
  • Ce quiz a été pris 6 fois
  • Le résultat moyen est 2 sur 10
Statistiques - réponses
# Ville Population % Correct
2 Interlaken 6.000
80%
8 Illnau-Effretikon 17.679
40%
3 Itingen 2.441
20%
1 Ittigen 11.628
20%
5 Ilanz/Glion 5.030
0%
10 Ilgau 821
0%
7 Ingenbohl 9.346
0%
9 Innertkirchen 1.075
0%
6 Inwil 2.919
0%
4 Ipsach 3.875
0%
Aucun quiz correspondant
Distribution des résultats
% des personnes avec chaque résultat
Percentile par nombre de réponses
Votre historique - résultats
Vous n’avez pas pris ce quiz